Analogies - Star Wars: The Clone Wars - Statistics

General Stats
  • This quiz has been taken 64 times
    38 since last reset
  • The average score is 11 of 18
Answer Stats
This is to This As... % Correct
Master is to Windu {Darth} is to Tyrannus
97%
Jar Jar is to Representative Palpatine is to {Chancellor}
97%
Anakin Skywalker is to Obi-Wan Kenobi Qui-Gon Jinn is to {Count} {Dooku}
97%
Captain is to Rex {Commander} is to Cody
90%
Tano is to Ahsoka Offee is to {Barriss}
90%
Four is to Grievous {Six} is to Trench
87%
Savage is to Opress {Asajj} is to Ventress
84%
7567 is to Rex {5555} is to Fives
81%
Maul is to Dathomir Lama Su is to {Kamino}
81%
Mina is to Lux {Shmi} is to Anakin
65%
Cham Syndulla is to Twi'lek Shaak Ti is to {Togruta}
61%
Cad Bane is to Duros Nala Se is to {Kaminoan}
45%
Mon Calamari are to Mon Cala Quarren are to {Mon} {Cala}
45%
Grey is to Wolffe {Yellow} is to Bly
42%
Rafa is to Trace Saw is to {Steela}
39%
Krell is to Umbara Piell is to {Lola} {Sayu}
23%
Chairman Chi Cho is to Orto Plutonia Ziro is to {Teth}
16%
212 is to Waxer {91} is to Ponds
10%
No matching quizzes found
Score Distribution
Percent of People with Each Score
Percentile by Number Answered
Your Score History
You have not taken this quiz since the last reset